Statistiques concernant Arrêts de tramway du Mans

Cliquez ici pour prendre le quiz!

Statistiques générales

  • Ce quiz a été pris 19 fois
  • Le résultat moyen est 26 sur 42

Statistiques - réponses

LigneRéponse% Correct
T1République
93%
T1Université
93%
T1Antarès - MMArena
87%
T2Gares
87%
T1Gares
87%
T2Zola
87%
T1Zola
87%
T2ESPAL - Arche de la nature
80%
T1Lafayette
80%
T1Préfecture
80%
T2Préfecture
80%
T2Saint-Martin
80%
T1Saint-Martin
80%
T2Atlantides - Sablons
73%
T1Éperon - Cité Plantagenêt
73%
T1Hôpital
73%
T2Jacobins - Quinconces
73%
T2Viaducs
73%
T1Viaducs
73%
T2Bellevue - Hauts de Coulaines
67%
T1Leclerc - Fleurus
67%
T2Leclerc - Fleurus
67%
T1Campus - Ribay
60%
T1Gambetta - Mûriers
60%
T1Haute Venelle - Clinique du Pré
60%
T1Théodore Monod
60%
T1Cadran - Épine
53%
T1Goya
53%
T1Guetteloup - Pôle Santé Sud
53%
T2Jaurès - Pavillon
53%
T1Jaurès - Pavillon
53%
T2Comtes du Maine - Office de tourisme
47%
T2Maillets - Banjan
47%
T1Pontlieue
47%
T1Glonnières - Centre Sud
40%
T2Maillets - Zamenhof
40%
T2Churchill
33%
T1Durand-Vaillant
33%
T2Croix de Pierre
27%
T2Epau - Gué Bernisson
27%
T2Île aux Sports
20%
T1Jules Raimu
20%

Distribution des résultats

Percentile par nombre de réponses

% des personnes avec chaque résultat

Votre développement - résultats

Vous n’avez pas pris ce quiz